Top 10 Klubów z największą liczbą mistrzostw Polski - Statystyki

Ogólne statystyki
  • Ten quiz został rozwiązany 345 razy
  • Średni wynik to 7 z 10
Statystyki odpowiedzi
Hint Odpowiedź % Poprawnych
13 Legia Warszawa
100%
7 Lech Poznań
95%
13 Wisła Kraków
90%
14 Górnik Zabrze
78%
14 Ruch Chorzów
78%
5 Cracovia
73%
4 Widzew Łódź
69%
2 Polonia Bytom
35%
2 Warta Poznań
29%
4 Pogoń Lwów
28%
Nie znaleziono quizów pasujących do podanych kryteriów
Rozkład punktacji
Procent ludzi z każdym wynikiem
Percentyl według liczby udzielonych odpowiedzi
Twoja historia wyników
Nie rozwiązałeś tego quizu